[Event "II Weekend U16"]
[Site "Pescara ITA"]
[Date "2007.09.08"]
[Round "2"]
[White "Laviola, Francesco"]
[Black "Di Verniere, Federico"]
[Result "1-0"]
[WhiteElo "1422"]
[BlackElo "1332"]
[PlyCount "63"]
[EventDate "2007.09.07"]

1. e4 e5 2. Nf3 Nc6 3. Bc4 Bc5 4. d3 d6 5. Be3 Nf6 6. Nc3 h6 7. Bxc5 dxc5 8. h3
Be6 9. Bb3 Qd7 10. Qe2 O-O 11. Qe3 b6 12. Ba4 Qd6 13. Bxc6 Qxc6 14. Nxe5 Qd6
15. Nf3 c4 16. e5 Qe7 17. exf6 Qxf6 18. Ne4 Qd8 19. O-O Re8 20. Nfd2 Bd5 21.
Qg3 Bxe4 22. Nxe4 cxd3 23. cxd3 c5 24. Rad1 Qd4 25. b3 Qb2 26. Rd2 Qd4 27. Rfd1
Qd7 28. Nf6+ Kh8 29. Nxd7 Rad8 30. Ne5 f6 31. Nf7+ Kg8 32. Nxd8 1-0

[Event "II Weekend U16"]
[Site "Pescara ITA"]
[Date "2007.09.08"]
[Round "2"]
[White "Rossi, Davide"]
[Black "Grignoli, Davide"]
[Result "1/2-1/2"]
[WhiteElo "1350"]
[BlackElo "1422"]
[PlyCount "111"]
[EventDate "2007.09.07"]

1. e4 c6 2. d4 d5 3. Nd2 dxe4 4. Nxe4 Bf5 5. Ng3 Bg6 6. Nf3 e6 7. Bc4 Nf6 8.
Bg5 Nbd7 9. Qe2 Bd6 10. O-O-O O-O 11. Rhe1 Qc7 12. Ne5 Rfe8 13. Nxd7 Nxd7 14.
Bd3 c5 15. d5 exd5 16. Qxe8+ Rxe8 17. Rxe8+ Nf8 18. Rde1 f6 19. Bxg6 hxg6 20.
Bd2 Kf7 21. Ra8 b6 22. Ree8 Qb7 23. Rad8 Be7 24. Rb8 Qd7 25. Ne2 Qxe8 26. Rxe8
Kxe8 27. Nf4 d4 28. c3 dxc3 29. Bxc3 Kd7 30. Kc2 Kd6 31. Kb3 g5 32. Nh5 Ne6 33.
Kc4 Kc6 34. b3 b5+ 35. Kd3 Nf4+ 36. Nxf4 gxf4 37. Ke4 Bd6 38. Bd2 c4 39. b4 Be5
40. Bxf4 Bxf4 41. Kxf4 Kb6 42. Ke3 a5 43. a3 axb4 44. axb4 Kc6 45. Kd4 Kd6 46.
f4 f5 47. h3 g6 48. g4 fxg4 49. hxg4 Ke6 50. Ke4 Kf6 51. f5 gxf5+ 52. gxf5 Kf7
53. Ke3 Kf6 54. Kf4 Kf7 55. Ke4 Kf6 56. Kf4 1/2-1/2

[Event "II Weekend U16"]
[Site "Pescara ITA"]
[Date "2007.09.08"]
[Round "3"]
[White "Di Verniere, Federico"]
[Black "Rossi, Davide"]
[Result "0-1"]
[WhiteElo "1332"]
[BlackElo "1350"]
[PlyCount "104"]
[EventDate "2007.09.07"]

1. e4 e5 2. Nf3 Nc6 3. Bc4 Bc5 4. Nc3 Nf6 5. d3 Na5 6. Bb3 h6 7. Ba4 Nc6 8. Be3
Bb6 9. Qd2 d6 10. h3 Bd7 11. Bb3 Bxe3 12. fxe3 Be6 13. Nd5 Nxd5 14. exd5 Bd7
15. dxc6 Bxc6 16. e4 Qe7 17. d4 O-O-O 18. d5 Bd7 19. Qf2 Kb8 20. O-O-O f5 21.
Rhe1 Rhf8 22. Qd2 fxe4 23. Rxe4 Bxh3 24. gxh3 Rxf3 25. Re3 Rf4 26. Rde1 Rdf8
27. Re4 Rf2 28. R4e2 R2f3 29. Rh2 Qh4 30. Rhh1 Rxh3 31. Rxh3 Qxh3 32. Rg1 Rf1+
33. Rxf1 Qxf1+ 34. Qd1 Qxd1+ 35. Kxd1 Kc8 36. Ke2 Kd8 37. c4 Ke7 38. Kf3 Kf6
39. Kg4 g6 40. Kh4 Kf5 41. Bc2+ e4 42. Bd1 Kf4 43. Kh3 Ke3 44. Kg2 Kd2 45. Bg4
Kc2 46. b4 Kb2 47. c5 Kxa2 48. Kf2 Kb3 49. Ke3 Kxb4 50. cxd6 cxd6 51. Kxe4 a5
52. Bd7 52... a4 {...} 0-1

[Event "II Weekend U16"]
[Site "Pescara ITA"]
[Date "2007.09.08"]
[Round "3"]
[White "Grignoli, Davide"]
[Black "De Leonardis, Matteo"]
[Result "0-1"]
[WhiteElo "1422"]
[BlackElo "1395"]
[PlyCount "88"]
[EventDate "2007.09.07"]

1. e4 e5 2. Nf3 Nc6 3. Bc4 Bc5 4. Nc3 Nf6 5. d3 d6 6. h3 Nd4 7. Bg5 Be6 8. Bb3
Qe7 9. Ba4+ c6 10. Nd5 Bxd5 11. exd5 b5 12. Bb3 Nxb3 13. axb3 cxd5 14. O-O O-O
15. Re1 d4 16. c3 dxc3 17. bxc3 Qc7 18. Bxf6 gxf6 19. Nh4 Kh8 20. Qf3 Qd8 21.
Re4 d5 22. Rg4 Be7 23. Nf5 Rg8 24. Rh4 Rg5 25. Nh6 Qe8 26. Qxd5 Rg7 27. Nf5 Rd8
28. Nxg7 Rxd5 29. Nxe8 Rd8 30. Nc7 Rxd3 31. Nxb5 Bc5 32. Rc4 Bb6 33. Nxa7 Rd2
34. Nb5 Bxf2+ 35. Kh2 Rd3 36. Rg4 h5 37. Ra8+ Kh7 38. Rgg8 h4 39. Rh8+ Kg6 40.
Rag8+ Kf5 41. Rh5+ Ke6 42. Rhh8 Bg3+ 43. Rxg3 hxg3+ 44. Kg1 Rd1# 0-1

[Event "II Weekend U16"]
[Site "Pescara ITA"]
[Date "2007.09.08"]
[Round "3"]
[White "Iezzi, Christian"]
[Black "Laviola, Francesco"]
[Result "1/2-1/2"]
[WhiteElo "1416"]
[BlackElo "1422"]
[PlyCount "54"]
[EventDate "2007.09.07"]

1. e4 e5 2. Nf3 Nc6 3. Bc4 Bc5 4. Nc3 Nf6 5. d3 h6 6. Be3 Bb6 7. Nd5 Nxd5 8.
Bxd5 d6 9. Bxc6+ bxc6 10. d4 Qe7 11. dxe5 dxe5 12. Qd3 Bg4 13. O-O-O O-O 14. h3
Be6 15. Nxe5 Bxa2 16. Nxc6 Qf6 17. Qc3 Bxe3+ 18. fxe3 Qxc3 19. bxc3 Rfe8 20.
Rd4 a5 21. Ra4 Be6 22. Rd1 f5 23. Rdd4 fxe4 24. Rxe4 Bd5 25. Rxe8+ Rxe8 26.
Nxa5 Rxe3 27. Kd2 Rg3 1/2-1/2

[Event "II Weekend U16"]
[Site "Pescara ITA"]
[Date "2007.09.09"]
[Round "4"]
[White "De Leonardis, Matteo"]
[Black "Laviola, Francesco"]
[Result "1-0"]
[WhiteElo "1395"]
[BlackElo "1422"]
[PlyCount "99"]
[EventDate "2007.09.07"]

1. e4 e5 2. Nf3 Nc6 3. d4 exd4 4. Nxd4 Bc5 5. Nb3 Bb6 6. a4 Qf6 7. Qe2 a6 8.
Nc3 Nge7 9. g3 d6 10. Bg2 Be6 11. Ra3 O-O 12. Be3 Ba7 13. Nd2 Rfe8 14. Qf3 Qg6
15. O-O Ne5 16. Qe2 Bg4 17. Bf3 Nxf3+ 18. Nxf3 Qf6 19. Kg2 Nc6 20. h3 Bh5 21.
g4 Bg6 22. Nd5 Qd8 23. Bxa7 Rxa7 24. Re3 Ne5 25. Nxe5 dxe5 26. Rd1 c6 27. Nf4
Qf6 28. Nxg6 Qxg6 29. Rd7 Qe6 30. Red3 Qc4 31. Rd8 Kf8 32. Rxe8+ Kxe8 33. Rd8+
Kxd8 34. Qxc4 Ke7 35. Qc5+ Kf6 36. Qxa7 h6 37. Qxb7 g6 38. Qxc6+ Kg7 39. Qxa6
g5 40. b4 h5 41. gxh5 f6 42. b5 f5 43. exf5 g4 44. hxg4 e4 45. b6 e3 46. fxe3
Kh7 47. b7 Kg7 48. b8=R Kf7 49. Rb7+ Kf8 50. Qa8# 1-0

[Event "II Weekend U16"]
[Site "Pescara ITA"]
[Date "2007.09.09"]
[Round "4"]
[White "Grignoli, Davide"]
[Black "Di Verniere, Federico"]
[Result "1-0"]
[WhiteElo "1422"]
[BlackElo "1332"]
[PlyCount "113"]
[EventDate "2007.09.07"]

1. e4 e5 2. Nf3 Nc6 3. Bc4 Bc5 4. Nc3 d6 5. h3 Nf6 6. d3 h6 7. Be3 Bb6 8. O-O
Be6 9. Bb3 Qd7 10. Bxe6 fxe6 11. Nd2 Qf7 12. Bxb6 axb6 13. f4 O-O 14. Nc4 Qg6
15. fxe5 Nxe5 16. Nxe5 dxe5 17. Qd2 Nh5 18. Rf2 Nf4 19. Kh2 Nh5 20. Raf1 Qg3+
21. Kg1 Nf4 22. Kh1 Nh5 23. Rxf8+ Rxf8 24. Rxf8+ Kxf8 25. Kg1 Nf4 26. Kf1 Qh2
27. Qf2 Kg8 28. Ne2 Nxe2 29. Kxe2 Qh1 30. Qg3 Qb1 31. Qxe5 Qxc2+ 32. Ke3 Qxg2
33. Qxe6+ Kh7 34. Qf5+ Qg6 35. Qxg6+ Kxg6 36. Kf4 Kf6 37. e5+ Ke6 38. Ke4 g5
39. d4 c6 40. b4 b5 41. Kf3 Kd5 42. Kg4 Kxd4 43. e6 c5 44. bxc5 Kxc5 45. e7 b4
46. e8=Q b5 47. Qf8+ Kc4 48. Qxh6 b3 49. Qe6+ Kc5 50. axb3 Kb4 51. Kxg5 Ka3 52.
h4 b4 53. h5 Ka2 54. h6 Ka1 55. h7 Ka2 56. h8=Q Ka3 57. Qa1# 1-0

[Event "II Weekend U16"]
[Site "Pescara ITA"]
[Date "2007.09.09"]
[Round "4"]
[White "Rossi, Davide"]
[Black "Iezzi, Christian"]
[Result "1-0"]
[WhiteElo "1350"]
[BlackElo "1416"]
[PlyCount "99"]
[EventDate "2007.09.07"]

1. d4 d5 2. c4 e6 3. Nc3 Nf6 4. Bg5 c6 5. e3 Be7 6. Nf3 Nbd7 7. Bd3 h6 8. Bh4
Nb6 9. Ne5 Nfd7 10. Bxe7 Qxe7 11. Nxd7 Nxd7 12. O-O Nf6 13. Re1 Qd7 14. Qc2 b6
15. Rac1 Bb7 16. b4 Rc8 17. f3 c5 18. cxd5 exd5 19. Bf5 Qd6 20. Bxc8 Bxc8 21.
bxc5 bxc5 22. Qa4+ Bd7 23. Qxa7 O-O 24. Qxc5 Qe6 25. Qb4 Ra8 26. Qb2 Qd6 27. e4
dxe4 28. Nxe4 Nxe4 29. fxe4 Rb8 30. Qd2 Rb4 31. e5 Qb6 32. h3 Rxd4 33. Qf2 Be6
34. Rcd1 Rxd1 35. Qxb6 Rxe1+ 36. Kf2 Ra1 37. Qd8+ Kh7 38. Qd3+ Kg8 39. a3 Ra2+
40. Kf3 Bc8 41. Qd8+ Kh7 42. Qxc8 Rxa3+ 43. Kf4 Ra4+ 44. Kf5 g6+ 45. Kf6 Rf4+
46. Ke7 Ra4 47. Kxf7 Ra7+ 48. Kf6 Ra2 49. Qd7+ Kg8 50. Qg7# 1-0

[Event "II Weekend U16"]
[Site "Pescara ITA"]
[Date "2007.09.09"]
[Round "5"]
[White "Di Verniere, Federico"]
[Black "De Leonardis, Matteo"]
[Result "1-0"]
[WhiteElo "1332"]
[BlackElo "1395"]
[PlyCount "42"]
[EventDate "2007.09.07"]

1. e4 e5 2. Nf3 Nf6 3. Nc3 Nc6 4. Bc4 Bb4 5. d3 h6 6. Bd2 Na5 7. Nxe5 Nxc4 8.
Nxc4 Qe7 9. a3 Bxc3 10. Bxc3 d5 11. Bxf6 gxf6 12. Ne3 dxe4 13. dxe4 Qxe4 14.
Qd2 Bd7 15. O-O-O O-O-O 16. f3 Qg6 17. Qd4 Be6 18. Qxa7 Rxd1+ 19. Rxd1 c6 20.
Qa8+ Kc7 21. Qxh8 f5 1-0

[Event "II Weekend U16"]
[Site "Pescara ITA"]
[Date "2007.09.09"]
[Round "5"]
[White "Iezzi, Christian"]
[Black "Grignoli, Davide"]
[Result "0-1"]
[WhiteElo "1416"]
[BlackElo "1422"]
[PlyCount "82"]
[EventDate "2007.09.07"]

1. e4 c6 2. d4 d5 3. e5 Bf5 4. Bd3 Bxd3 5. Qxd3 e6 6. Nc3 Nd7 7. Nf3 Qc7 8. Bf4
Ne7 9. Bg3 Nf5 10. Bf4 c5 11. dxc5 Bxc5 12. Qe2 O-O 13. Bg3 Rac8 14. a3 Bd4 15.
Nxd4 Nxd4 16. Qd3 Nc6 17. Qe3 d4 18. Nb5 dxe3 19. Nxc7 exf2+ 20. Bxf2 Rxc7 21.
O-O Ncxe5 22. Bxa7 b6 23. Bxb6 Nxb6 24. Rfe1 Nbd7 25. c3 Nd3 26. Re2 Rb8 27.
Rb1 Rcb7 28. Rd2 N3e5 29. b4 Nc4 30. Ra2 Ra7 31. a4 Nc5 32. Rd1 Nxa4 33. Rd4
Rc8 34. Ra1 Kf8 35. b5 Ncb6 36. Rh4 Rca8 37. Rxh7 Nxc3 38. Rxa7 Rxa7 39. Rh8+
Ke7 40. Rb8 Ne4 41. Rxb6 Ra1# 0-1

[Event "II Weekend U16"]
[Site "Pescara ITA"]
[Date "2007.09.09"]
[Round "5"]
[White "Laviola, Francesco"]
[Black "Rossi, Davide"]
[Result "1-0"]
[WhiteElo "1422"]
[BlackElo "1350"]
[PlyCount "119"]
[EventDate "2007.09.07"]

1. e4 e6 2. d4 d5 3. Nc3 dxe4 4. Nxe4 Nc6 5. Nf3 h6 6. Bb5 Bd7 7. Nc5 Bxc5 8.
dxc5 Nge7 9. Bd2 a6 10. Bd3 Nd5 11. c3 Qe7 12. b4 e5 13. Be4 Nf6 14. Bxc6 Bxc6
15. Qe2 O-O 16. O-O Rad8 17. Rad1 Bxf3 18. Qxf3 e4 19. Qg3 Kh7 20. Bf4 Nh5 21.
Qg4 Nxf4 22. Qxf4 Rxd1 23. Rxd1 Rd8 24. Rxd8 Qxd8 25. Qxe4+ Kg8 26. h3 Qd2 27.
Qxb7 Qe1+ 28. Kh2 Qe5+ 29. g3 Qxc3 30. Qxa6 Qxb4 31. Qc8+ Kh7 32. Qxc7 Qd2 33.
Qxf7 Qc2 34. g4 Qd2 35. a4 Qd4 36. a5 Qa4 37. Qf5+ Kg8 38. Qd5+ Kh7 39. c6 Qf4+
40. Kg2 Qc7 41. Qf5+ Kh8 42. Qd7 Qxa5 43. c7 Qa8+ 44. Kg3 Qa3+ 45. f3 Qa1 46.
c8=Q+ Kh7 47. Qd3+ g6 48. Qcd7+ Kh8 49. Qe3 Qg7 50. Qee8+ Kh7 51. Qxg7+ Kxg7
52. Qe5+ Kh7 53. Qc7+ Kh8 54. f4 Kg8 55. f5 gxf5 56. gxf5 h5 57. f6 h4+ 58.
Kxh4 Kf8 59. Qe7+ Kg8 60. Qg7# 1-0

[Event "II Weekend U16"]
[Site "Pescara ITA"]
[Date "2007.09.09"]
[Round "6"]
[White "Iezzi, Christian"]
[Black "Di Verniere, Federico"]
[Result "1-0"]
[WhiteElo "1416"]
[BlackElo "1332"]
[PlyCount "109"]
[EventDate "2007.09.07"]

1. e4 e5 2. Nf3 Nc6 3. d4 exd4 4. Nxd4 Bc5 5. Be3 Qf6 6. c3 d6 7. Bc4 Nge7 8.
O-O Qg6 9. Nd2 Bh3 10. Qf3 Bg4 11. Qg3 Ne5 12. h3 Bh5 13. Qxg6 Bxg6 14. Be2 O-O
15. f4 N5c6 16. f5 Bxf5 17. exf5 Nd5 18. Bf2 Nxd4 19. Bxd4 Bxd4+ 20. cxd4 Rfe8
21. Rae1 Ne3 22. Rf3 Nc2 23. Rff1 Nxd4 24. Bg4 Nc2 25. Rxe8+ Rxe8 26. Rc1 Nb4
27. Rxc7 Nxa2 28. Rxb7 h6 29. Rxa7 Nb4 30. Rd7 Re1+ 31. Kh2 d5 32. Bf3 Nd3 33.
Bxd5 Nf2 34. Bxf7+ Kf8 35. b4 h5 36. Bxh5 Ra1 37. b5 Ra8 38. b6 Rb8 39. b7 Nd1
40. Rc7 Kg8 41. Rc8+ Rxc8 42. bxc8=Q+ Kh7 43. Bxd1 Kh6 44. Qh8+ Kg5 45. Qxg7+
Kf4 46. Qg3+ Kxf5 47. Qe3 Kg6 48. Qf4 Kg7 49. Kg3 Kh8 50. Kf3 Kg7 51. Ke4 Kg6
52. Qf5+ Kh6 53. Qg4 Kh7 54. Kf5 Kh8 55. Kf6 1-0

[Event "II Weekend U16"]
[Site "Pescara ITA"]
[Date "2007.09.09"]
[Round "6"]
[White "Laviola, Francesco"]
[Black "Grignoli, Davide"]
[Result "0-1"]
[WhiteElo "1422"]
[BlackElo "1422"]
[PlyCount "132"]
[EventDate "2007.09.07"]

1. d4 d5 2. c4 c6 3. Nc3 Nf6 4. Bg5 Bf5 5. e3 e6 6. Qb3 Qc7 7. cxd5 Nxd5 8.
Nxd5 cxd5 9. Bb5+ Nd7 10. Nf3 Bd6 11. h3 O-O 12. O-O Nb6 13. Rac1 Qb8 14. Bd3
Bxd3 15. Qxd3 f6 16. Bh4 e5 17. dxe5 fxe5 18. e4 dxe4 19. Qxe4 Rf4 20. Qe3 e4
21. Bg3 exf3 22. Qe6+ Kh8 23. Bxf4 Bxf4 24. Rce1 fxg2 25. Kxg2 h6 26. Qe7 Qf8
27. Qxb7 Qg8 28. Kf3 Bg5 29. Rg1 Qd5+ 30. Qxd5 Nxd5 31. Re5 Rf8+ 32. Ke4 Nf6+
33. Kd3 Rd8+ 34. Kc3 Ng8 35. Ra5 Bd2+ 36. Kb3 Bxa5 37. Rg6 Ne7 38. Re6 Nd5 39.
Re5 Bb6 40. Re2 Nf4 41. Rc2 Nxh3 42. f3 Rd3+ 43. Kb4 Nf4 44. Rc4 Rd4 45. b3 h5
46. Kc3 Rxc4+ 47. bxc4 h4 48. Kb4 h3 49. c5 Nd3+ 50. Kc4 Nxc5 51. f4 h2 52. f5
h1=Q 53. f6 Qf1+ 54. Kd5 Qxf6 55. a4 a5 56. Kc4 g5 57. Kb5 g4 58. Kc4 g3 59.
Kb5 g2 60. Kc4 g1=Q 61. Kd5 Qgg5+ 62. Kc4 Nxa4 63. Kb3 Qf3+ 64. Kxa4 Qff4+ 65.
Kb3 Qgg3+ 66. Kc2 Qff2+ 0-1

[Event "II Weekend U16"]
[Site "Pescara ITA"]
[Date "2007.09.15"]
[Round "7"]
[White "Di Verniere, Federico"]
[Black "Laviola, Francesco"]
[Result "0-1"]
[WhiteElo "1332"]
[BlackElo "1422"]
[PlyCount "92"]
[EventDate "2007.09.07"]

1. e4 e5 2. Nf3 Nc6 3. Bc4 Bc5 4. Nc3 Nf6 5. d3 d6 6. Bg5 Be6 7. Bb3 h6 8. Be3
Bb6 9. Qd2 Qd7 10. Nd5 Bxd5 11. exd5 Ba5 12. c3 Ne7 13. Qc2 Nexd5 14. Bxd5 Nxd5
15. Bd2 Bb6 16. c4 Nf4 17. Bxf4 exf4 18. Qc3 Qe7+ 19. Kd2 O-O 20. Rhe1 Qd7 21.
Re4 Qf5 22. Rae1 Bxf2 23. R1e2 Be3+ 24. Kc2 Bb6 25. Nh4 Qa5 26. Qxa5 Bxa5 27.
Rxf4 Rfe8 28. Ref2 g5 29. Rf5 Be1 30. Rf1 gxh4 31. Rxf7 Ba5 32. Rd7 Rad8 33.
Rdf7 Rf8 34. R7f5 Rxf5 35. Rxf5 Bb6 36. Rh5 Kg7 37. Rxh4 Rf8 38. Rg4+ Kh7 39.
Re4 Rf2+ 40. Kc3 Rxg2 41. Re7+ Kg6 42. Re8 Rxh2 43. Re6+ Kh5 44. Rf6 Rg2 45.
Rf5+ Rg5 46. Rf1 Kg6 0-1

[Event "II Weekend U16"]
[Site "Pescara ITA"]
[Date "2007.09.15"]
[Round "8"]
[White "De Leonardis, Matteo"]
[Black "Grignoli, Davide"]
[Result "0-1"]
[WhiteElo "1395"]
[BlackElo "1422"]
[PlyCount "74"]
[EventDate "2007.09.07"]

1. e4 c6 2. d4 d5 3. Nd2 dxe4 4. Nxe4 Bf5 5. Bd3 Qxd4 6. Nf3 Qd8 7. Be3 e6 8.
Nc5 Bxc5 9. Bxc5 Qa5+ 10. Qd2 Qxc5 11. Bxf5 Qxf5 12. O-O-O Qf6 13. Ne5 Qe7 14.
Qd6 Qxd6 15. Rxd6 Nf6 16. Rhd1 O-O 17. Rd8 Na6 18. Rxa8 Rxa8 19. Nd7 Nxd7 20.
Rxd7 Nc5 21. Rd2 Kf8 22. c4 Ke7 23. Kd1 Rd8 24. Rxd8 Kxd8 25. Kd2 Ke7 26. Ke3
Kf6 27. Kf4 Nd3+ 28. Ke4 Nxb2 29. Kd4 Nd1 30. f3 Nb2 31. Kc3 Na4+ 32. Kb4 Nb6
33. c5 Nd5+ 34. Kb3 b6 35. cxb6 axb6 36. a4 Ke5 37. Kc4 Ne3+ 0-1

[Event "II Weekend U16"]
[Site "Pescara ITA"]
[Date "2007.09.15"]
[Round "8"]
[White "Laviola, Francesco"]
[Black "Iezzi, Christian"]
[Result "1/2-1/2"]
[WhiteElo "1422"]
[BlackElo "1416"]
[PlyCount "58"]
[EventDate "2007.09.07"]

1. e4 e5 2. Nf3 Nc6 3. Bc4 Bc5 4. d3 Nf6 5. Be3 Bb6 6. Nc3 d6 7. Qd2 Be6 8. Bb3
Nd4 9. Bxd4 Bxd4 10. Nxd4 exd4 11. Ba4+ Bd7 12. Bxd7+ Qxd7 13. Ne2 c5 14. Ng3
Qe6 15. Nf5 Rg8 16. b4 Nxe4 17. dxe4 Qxe4+ 18. Qe2 Qxe2+ 19. Kxe2 cxb4 20.
Nxd6+ Kd7 21. Nxf7 Rae8+ 22. Kd3 Rgf8 23. Ng5 Rxf2 24. Rhg1 Ree2 25. Ne4 Rxg2
26. Rxg2 Rxg2 27. h3 Rh2 28. Kxd4 Rxh3 29. Rd1 Kc6 1/2-1/2

[Event "II Weekend U16"]
[Site "Pescara ITA"]
[Date "2007.09.16"]
[Round "9"]
[White "Di Verniere, Federico"]
[Black "Grignoli, Davide"]
[Result "1/2-1/2"]
[WhiteElo "1332"]
[BlackElo "1422"]
[PlyCount "24"]
[EventDate "2007.09.07"]

1. e4 c6 2. d4 d5 3. e5 Bf5 4. Nc3 e6 5. Bd3 Bxd3 6. Qxd3 Qc7 7. Nf3 Nd7 8. Bf4
Ne7 9. Qe3 Nf5 10. Qd3 c5 11. dxc5 Bxc5 12. Qd2 O-O 1/2-1/2

[Event "II Weekend U16"]
[Site "Pescara ITA"]
[Date "2007.09.16"]
[Round "9"]
[White "Laviola, Francesco"]
[Black "De Leonardis, Matteo"]
[Result "1/2-1/2"]
[WhiteElo "1422"]
[BlackElo "1395"]
[PlyCount "20"]
[EventDate "2007.09.07"]

1. e4 c5 2. Nf3 e6 3. Bc4 d5 4. Bb5+ Bd7 5. Bxd7+ Qxd7 6. exd5 exd5 7. Qe2+ Qe7
8. Qxe7+ Nxe7 9. O-O g6 10. Re1 Nbc6 1/2-1/2

[Event "II Weekend A"]
[Site "Pescara ITA"]
[Date "2007.09.07"]
[Round "1"]
[White "Cataldi, Cristiano"]
[Black "Di Pietro, Gabriele"]
[Result "0-1"]
[WhiteElo "1565"]
[BlackElo "1749"]
[PlyCount "54"]
[EventDate "2007.09.07"]

1. e4 Nf6 2. Nc3 e5 3. Bc4 Be7 4. Nf3 Nc6 5. O-O Nxe4 6. Nxe4 d5 7. Bb5 dxe4 8.
Nxe5 Qd5 9. Bxc6+ bxc6 10. d4 c5 11. Be3 O-O 12. f3 Bb7 13. c4 Qe6 14. f4 cxd4
15. Bxd4 Rad8 16. Qb3 Ba8 17. f5 Qf6 18. Qc3 c5 19. Nd7 Qxd4+ 20. Qxd4 cxd4 21.
Nxf8 Kxf8 22. a3 d3 23. b4 Bf6 24. Rad1 e3 25. Rfe1 Bg5 26. h4 Bh6 27. g4 Bf4
0-1

[Event "II Weekend A"]
[Site "Pescara ITA"]
[Date "2007.09.07"]
[Round "1"]
[White "Di Censo, Angelo"]
[Black "Cecamore, Antonino"]
[Result "1-0"]
[WhiteElo "1748"]
[BlackElo "1518"]
[PlyCount "51"]
[EventDate "2007.09.07"]

1. e4 Nc6 2. Nf3 f5 3. e5 d6 4. Bb5 Bd7 5. d4 g6 6. e6 Bc8 7. d5 a6 8. Ng5 Nh6
9. Bd3 Ne5 10. O-O Bg7 11. c4 O-O 12. Nc3 c6 13. Bf4 Rb8 14. Re1 b5 15. cxb5
cxd5 16. Nxd5 axb5 17. Rc1 Nxd3 18. Qxd3 Qa5 19. Nxe7+ Kh8 20. Nc6 Qa8 21. Nxb8
Qxb8 22. Bxd6 Qa8 23. Bxf8 Bxf8 24. e7 Bxe7 25. Rxe7 Bb7 26. Qd4+ 1-0

[Event "II Weekend A"]
[Site "Pescara ITA"]
[Date "2007.09.07"]
[Round "1"]
[White "Piantieri, Guido"]
[Black "Antonelli, Alessandro"]
[Result "1/2-1/2"]
[WhiteElo "1758"]
[BlackElo "1895"]
[PlyCount "57"]
[EventDate "2007.09.07"]

1. d4 Nf6 2. c4 g6 3. Nc3 d5 4. Nf3 Bg7 5. e3 O-O 6. Bd3 c5 7. dxc5 Nc6 8. O-O
dxc4 9. Bxc4 Qa5 10. Nb5 Qb4 11. Qc2 Bf5 12. Qb3 Qxc5 13. Nbd4 Na5 14. Qb5 Qxc4
15. Qxa5 Be4 16. b3 Qd5 17. Qxd5 Bxd5 18. Ba3 Rfe8 19. Rac1 e5 20. Nb5 Bxf3 21.
gxf3 Rec8 22. Rxc8+ Rxc8 23. Nxa7 Rc2 24. Rc1 Rxc1+ 25. Bxc1 Nd5 26. Bb2 f5 27.
Nb5 Nb4 28. a4 Nd3 29. Ba3 1/2-1/2

[Event "II Weekend A"]
[Site "Pescara ITA"]
[Date "2007.09.07"]
[Round "1"]
[White "Zarrillo, Giovambattista"]
[Black "Di Federico, Cristiano"]
[Result "1-0"]
[WhiteElo "1527"]
[BlackElo "1511"]
[PlyCount "58"]
[EventDate "2007.09.07"]

1. d4 d5 2. c4 c6 3. Nc3 e5 4. cxd5 cxd5 5. dxe5 d4 6. Ne4 Qa5+ 7. Bd2 Qxe5 8.
Ng3 Nc6 9. Nf3 Qd5 10. Bc3 Bb4 11. Bxb4 Nxb4 12. a3 Nc6 13. e3 Bg4 14. Be2 Rd8
15. Nxd4 Bxe2 16. Qxe2 Qxg2 17. Qg4 Nge7 18. Nf3 h5 19. Qf4 Ng6 20. Qf5 Nce7
21. Qe4 O-O 22. h4 Rfe8 23. Rh2 Nf5 24. Qxe8+ Rxe8 25. Rxg2 Nf4 26. Nxf5 Nxg2+
27. Kf1 g6 28. N5d4 Nxe3+ 29. fxe3 Rxe3 1-0

[Event "II Weekend A"]
[Site "Pescara ITA"]
[Date "2007.09.08"]
[Round "2"]
[White "Cataldi, Cristiano"]
[Black "Zarrillo, Giovambattista"]
[Result "1-0"]
[WhiteElo "1565"]
[BlackElo "1527"]
[PlyCount "69"]
[EventDate "2007.09.07"]

1. e4 d5 2. exd5 Qxd5 3. Nc3 Qa5 4. Bc4 Nf6 5. Nge2 Bf5 6. d3 e6 7. O-O c6 8.
Bd2 Bb4 9. a3 Bxc3 10. Bxc3 Qc7 11. Ng3 Bg6 12. Re1 Nbd7 13. Qf3 O-O 14. Rad1
Nd5 15. Bxd5 cxd5 16. h4 h6 17. h5 Bh7 18. Qg4 g5 19. Qd4 e5 20. Qxd5 Rfe8 21.
Ne4 Rad8 22. Qd6 Qc8 23. Qxh6 Bxe4 24. dxe4 f6 25. Qg6+ Kh8 26. h6 Rg8 27. Qf5
Qc6 28. Bb4 Rge8 29. Rd6 Qc7 30. Red1 Re7 31. Rxf6 Nxf6 32. Rxd8+ Qxd8 33.
Qxf6+ Kg8 34. Qxg5+ Kf7 35. Qxe7+ 1-0

[Event "II Weekend A"]
[Site "Pescara ITA"]
[Date "2007.09.08"]
[Round "2"]
[White "Cecamore, Antonino"]
[Black "Piantieri, Guido"]
[Result "1-0"]
[WhiteElo "1518"]
[BlackElo "1758"]
[PlyCount "77"]
[EventDate "2007.09.07"]

1. e4 e5 2. Nf3 Nc6 3. d4 exd4 4. Bc4 Bc5 5. c3 d3 6. b4 Be7 7. Qb3 Nf6 8.
Bxf7+ Kf8 9. e5 Ng4 10. Bh5 Ngxe5 11. Nxe5 Nxe5 12. f4 Ng6 13. O-O d5 14. Qd1
Bf5 15. Nd2 Qd6 16. Nb3 Kf7 17. Be3 Bf6 18. Qd2 Qd7 19. Nc5 Qc8 20. Nxd3 Rd8
21. Ne5+ Kg8 22. Bxg6 hxg6 23. Bd4 Qe6 24. Rae1 Re8 25. Kh1 Be4 26. Nxg6 Bxd4
27. f5 Qf6 28. cxd4 Bxf5 29. Ne5 Qe6 30. Rf3 Re7 31. Ref1 Be4 32. Rg3 Rf8 33.
Rxf8+ Kxf8 34. Qf4+ Kg8 35. h3 Qf5 36. Qh4 Re8 37. Ng6 Bxg2+ 38. Rxg2 Qf1+ 39.
Kh2 1-0

[Event "II Weekend A"]
[Site "Pescara ITA"]
[Date "2007.09.08"]
[Round "2"]
[White "Di Federico, Cristiano"]
[Black "Di Censo, Angelo"]
[Result "0-1"]
[WhiteElo "1511"]
[BlackElo "1748"]
[PlyCount "68"]
[EventDate "2007.09.07"]

1. e4 c5 2. Nf3 d6 3. d4 cxd4 4. Nxd4 Nf6 5. Nc3 a6 6. Bd3 b5 7. O-O e6 8. Qf3
Bb7 9. Re1 Nbd7 10. Bg5 Be7 11. a3 Ne5 12. Qd1 h6 13. Bf4 Nxd3 14. cxd3 e5 15.
Nf5 exf4 16. e5 O-O 17. exf6 Bxf6 18. Qg4 f3 19. gxf3 Bc8 20. Nxh6+ Kh7 21.
Qe4+ Kxh6 22. Qxa8 Bxc3 23. bxc3 Qg5+ 24. Kh1 Bh3 25. f4 Qh5 26. Qc6 Rc8 27.
Qxd6+ Kh7 28. Re3 Re8 29. Qd4 Bg4 30. Rg3 Re6 31. Kg2 Rh6 32. Rh1 Bh3+ 33. Rxh3
Qxh3+ 34. Kg1 Rg6# 0-1

[Event "II Weekend A"]
[Site "Pescara ITA"]
[Date "2007.09.08"]
[Round "2"]
[White "Di Pietro, Gabriele"]
[Black "Antonelli, Alessandro"]
[Result "0-1"]
[WhiteElo "1749"]
[BlackElo "1895"]
[PlyCount "96"]
[EventDate "2007.09.07"]

1. e4 d5 2. exd5 Qxd5 3. Nc3 Qa5 4. Nf3 Nf6 5. d4 Bf5 6. Bd2 c6 7. Bc4 e6 8.
O-O Qc7 9. Re1 Nbd7 10. Ne2 Be7 11. Bf4 Bd6 12. Bxd6 Qxd6 13. Ng3 Bg6 14. c3
Qc7 15. Nh4 Qf4 16. Nf3 Qc7 17. h4 h6 18. Qb3 O-O 19. Ne5 Nxe5 20. Rxe5 b5 21.
Be2 Rfd8 22. h5 Bh7 23. Bf3 Nd7 24. Re3 a6 25. Rae1 Rab8 26. Qd1 Nf6 27. Qe2 c5
28. dxc5 Qxc5 29. Ne4 Nxe4 30. Bxe4 Bxe4 31. Rxe4 Rd5 32. Re5 Rbd8 33. Qe4 Rxe5
34. Qxe5 Qxe5 35. Rxe5 Rd1+ 36. Kh2 Rd2 37. a4 Rxb2 38. axb5 Rxb5 39. Rxb5 axb5
40. Kg3 Kf8 41. Kf4 Ke7 42. Ke4 Kd6 43. f4 Kc5 44. Kd3 Kd5 45. g3 f6 46. f5 e5
47. g4 e4+ 48. Ke3 Ke5 0-1

[Event "II Weekend A"]
[Site "Pescara ITA"]
[Date "2007.09.09"]
[Round "3"]
[White "Antonelli, Alessandro"]
[Black "Cecamore, Antonino"]
[Result "1-0"]
[WhiteElo "1895"]
[BlackElo "1518"]
[PlyCount "85"]
[EventDate "2007.09.07"]

1. e4 Nc6 2. d4 d5 3. e5 Bf5 4. c3 h6 5. Nf3 g5 6. h3 e6 7. Be3 Nge7 8. Nbd2
Qd7 9. Be2 Bg7 10. a4 O-O 11. Nb3 b6 12. Qd2 Bh7 13. h4 g4 14. Nh2 h5 15. f3
gxf3 16. Nxf3 Nf5 17. Ng5 Bg6 18. g4 Nxe3 19. Qxe3 Bh6 20. gxh5 Bf5 21. Rg1 Qe7
22. Nxe6+ Kh7 23. Nxf8+ Rxf8 24. Qg3 Nd8 25. Bd3 Qe6 26. Rf1 Be4 27. Rf6 Qe7
28. Bxe4+ dxe4 29. Qg4 e3 30. Qe4+ Kg7 31. Ke2 Rh8 32. Rg1+ Kf8 33. Rgf1 Bg7
34. R6f5 Qe6 35. d5 Qc8 36. e6 Qa6+ 37. c4 f6 38. e7+ Kf7 39. exd8=Q Rxd8 40.
Qe6+ Kf8 41. Rxf6+ Bxf6 42. Rxf6+ Kg7 43. Qf7+ 1-0

[Event "II Weekend A"]
[Site "Pescara ITA"]
[Date "2007.09.09"]
[Round "3"]
[White "Di Censo, Angelo"]
[Black "Cataldi, Cristiano"]
[Result "0-1"]
[WhiteElo "1748"]
[BlackElo "1565"]
[PlyCount "46"]
[EventDate "2007.09.07"]

1. e4 e5 2. Nf3 Nc6 3. Bc4 Bc5 4. b4 Bxb4 5. c3 Ba5 6. d4 exd4 7. Qb3 Qe7 8.
O-O Bb6 9. Ba3 d6 10. e5 Na5 11. exd6 Nxb3 12. dxe7 Nxa1 13. Ne5 Be6 14. Bb5+
c6 15. Nxc6 Bd7 16. Nxd4 Bxd4 17. Bxd7+ Kxd7 18. Rd1 Nc2 19. Bc5 Nxe7 20. cxd4
Nf5 21. g4 Nh4 22. Rc1 Nf3+ 23. Kg2 Nce1+ 0-1